City of Derry Airport Destinations (Derry, UK) - Statistics

General Stats
  • This quiz has been taken 16 times
  • The average score is 6 of 6
Answer Stats
Airline Destination % Correct
Loganair Glasgow
100%
Loganair London Heathrow
100%
Ryanair Manchester
100%
easyJet Edinburgh
93%
easyJet Liverpool
93%
easyJet Birmingham
86%
No matching quizzes found
Score Distribution
Percent of People with Each Score
Percentile by Number Answered
Your Score History
You have not taken this quiz